Ekonomika služeb

Na minha lista:
Detalhes bibliográficos
Autor principal: Klíma, Jan
Formato: Livro
Idioma:tcheco
Publicado em: Praha Státní pedagogické nakladatelství 1984
Tags: Adicionar Tag
Sem tags, seja o primeiro a adicionar uma tag!

MARC

LEADER 00000nam a2200000 4500
001 c115722
005 20190515080442.9
041 0 |a cze 
044 |a CZ 
245 1 0 |a Ekonomika služeb  |c Jan Klíma 
264 1 |a Praha  |b Státní pedagogické nakladatelství  |c 1984 
300 |a 115 s. 
100 1 |a Klíma, Jan